Game of Thrones Trivia - Statistics

General Stats
  • This quiz has been taken 214 times
  • The average score is 14 of 15
Answer Stats
Question Answer % Correct
Which of these is not a eunuch? Davos Seaworth
97%
What’s the name of the Reed siblings who help Bran Stark north of the wall? Jojen and Meera
97%
Which of these is not one of Sansa Stark’s former husbands? Loras Tyrell
97%
Which of these is not one of Daenerys’ dragons? Balerion
93%
Where does Arya Stark train to become a faceless man? Braavos
93%
What house has Casterly Rock as its stronghold? Lannister
93%
Who poisoned King Joffrey at his wedding? Olenna Tyrell
93%
What’s the last name for the bastards from Dorne? Sand
93%
Which of these is not one of Tyrion Lannister’s nicknames? The Runt
93%
Which of these is not a member of the Night’s Watch? Gendry
90%
What god do the Dothraki worship? Great Stallion
90%
Which of these was not in love with Lyanna Stark? Petyr Baelish
90%
“What do we say to the God of Death?” “Not today”... Who said it first? Syrio Forel
90%
What’s the Valyrian for “Grey Worm”? Torgo Nudho
90%
What is the Blackfish real name? Brynden Tully
57%
No matching quizzes found
Score Distribution
Percent of People with Each Score
Percentile by Number Answered
Your Score History
You have not taken this quiz